000 00463nam a2200181Ia 4500
001 22921
003 GE_BSU
008 181216s||||||||xx |||||||||||||| ||und||
040 _cGE_BSU
245 _aParis Match, du 2 au 8 aout. №3612. 2018
260 _aParis
260 _c2018
300 _a104 p. 29cm. ill.
653 _aParis Match, du 2 au 8 aout. №3612. 2018
653 _aПериодика
653 _aპერიოდიკა
942 _cCR
999 _c55824
_d55824